Building and enhancing new literacies across the curriculum / (Record no. 15498)
[ view plain ]
| 000 -LEADER | |
|---|---|
| fixed length control field | 00804nam a22002417a 4500 |
| 005 - DATE AND TIME OF LATEST TRANSACTION | |
| control field | 20220117100220.0 |
| 020 ## - INTERNATIONAL STANDARD BOOK NUMBER | |
| International Standard Book Number | 9786210400915 |
| 040 ## - CATALOGING SOURCE | |
| Original cataloging agency | URS |
| Language of cataloging | English |
| Transcribing agency | URS |
| Modifying agency | URS |
| Description conventions | rda |
| 050 ## - LIBRARY OF CONGRESS CALL NUMBER | |
| Classification number | L11 |
| Item number | .Al12 2019 |
| 100 ## - MAIN ENTRY--PERSONAL NAME | |
| Personal name | Alata, Elen Joy P., |
| Relator term | author. |
| 245 ## - TITLE STATEMENT | |
| Title | Building and enhancing new literacies across the curriculum / |
| Remainder of title | Elen Joy P. Alata, Eigen John T. Ignacio. |
| 260 ## - PUBLICATION, DISTRIBUTION, ETC. (IMPRINT) | |
| Place of publication, distribution, etc | Manila : |
| Name of publisher, distributor, etc | Rex Book Store, |
| Date of publication, distribution, etc | ©2019. |
| 300 ## - PHYSICAL DESCRIPTION | |
| Extent | 120 pages ; |
| Dimensions | 26 cm. |
| 336 ## - CONTENT TYPE | |
| Source | rdacontent |
| Content type term | text |
| Content type code | txt |
| 337 ## - MEDIA TYPE | |
| Source | rdamedia |
| Media type term | unmediated |
| Media type code | n |
| 338 ## - CARRIER TYPE | |
| Source | rdacarrier |
| Carrier type term | volume |
| Carrier type code | nc |
| 504 ## - BIBLIOGRAPHY, ETC. NOTE | |
| Bibliography, etc | Includes bibliographical references and index. |
| 650 #0 - SUBJECT ADDED ENTRY--TOPICAL TERM | |
| Topical term or geographic name as entry element | Educational technology. |
| 650 #0 - SUBJECT ADDED ENTRY--TOPICAL TERM | |
| Topical term or geographic name as entry element | Teaching |
| General subdivision | Aids and devices. |
| 650 #0 - SUBJECT ADDED ENTRY--TOPICAL TERM | |
| Topical term or geographic name as entry element | Literacy. |
| 700 ## - ADDED ENTRY--PERSONAL NAME | |
| Personal name | Ignacio, Eigen John T. |
| Relator term | author. |
| 942 ## - ADDED ENTRY ELEMENTS (KOHA) | |
| Source of classification or shelving scheme | Library of Congress Classification |
| Koha item type | Filipiniana |
| Withdrawn status | Lost status | Source of classification or shelving scheme | Damaged status | Not for loan | Collection code | Home library | Current library | Shelving location | Date acquired | Source of acquisition | Total Checkouts | Full call number | Barcode | Date last seen | Copy number | Koha item type | Price effective from | Date checked out |
|---|---|---|---|---|---|---|---|---|---|---|---|---|---|---|---|---|---|---|
| Library of Congress Classification | Non-fiction | Cainta College Library | Cainta College Library | Filipiniana Section | 02/11/2026 | Purchased | LB 2006.15.Al3239 2019 | URSCAI-5570 | 02/11/2026 | Filipiniana | 02/11/2026 | |||||||
| Dewey Decimal Classification | Pililla College Library | Pililla College Library | Filipiniana Section | 05/06/2024 | 302.2 .Al12 2019 | URSPIL-6714 | 05/06/2024 | Filipiniana | 05/06/2024 | |||||||||
| Dewey Decimal Classification | Pililla College Library | Pililla College Library | Filipiniana Section | 05/06/2024 | 302.2 .Al12 2019 | URSPIL-6715 | 05/06/2024 | Filipiniana | 05/06/2024 | |||||||||
| Dewey Decimal Classification | Pililla College Library | Pililla College Library | Filipiniana Section | 05/06/2024 | 302.2 .Al12 2019 | URSPIL-7148 | 05/06/2024 | Filipiniana | 05/06/2024 | |||||||||
| Library of Congress Classification | Non-fiction | Tanay College Library | Tanay College Library | Reserve Section | 12/29/2021 | Purchase | L11 .Al12 2019 | URSTAN-N3151 | 01/21/2022 | Filipiniana | 01/21/2022 | |||||||
| Library of Congress Classification | Non-fiction | Tanay College Library | Tanay College Library | Reserve Section | 12/29/2021 | Purchase | L11 .Al12 2019 | URSTAN-N3152 | 01/21/2022 | Filipiniana | 01/21/2022 | |||||||
| Library of Congress Classification | Non-fiction | Tanay College Library | Tanay College Library | Reserve Section | 12/29/2021 | Purchase | L11 .Al12 2019 | URSTAN-N3153 | 01/21/2022 | Filipiniana | 01/21/2022 | |||||||
| Library of Congress Classification | Non-fiction | Taytay College Library | Taytay College Library | Filipiniana Section | 02/01/2021 | Donation | L11 .Al12 2019 | URSTAY-4685 | 06/02/2025 | 1 | Filipiniana | |||||||
| Library of Congress Classification | Non-fiction | Taytay College Library | Taytay College Library | Filipiniana Section | 11/30/2021 | Purchased | L11 .Al12 2019 | URSTAY-5087 | 06/02/2025 | 2 | Filipiniana | |||||||
| Library of Congress Classification | Non-fiction | Taytay College Library | Taytay College Library | Filipiniana Section | 11/30/2021 | Purchased | L11 .Al12 2019 | URSTAY-5088 | 06/02/2025 | 3 | Filipiniana | |||||||
| Library of Congress Classification | Non-fiction | Taytay College Library | Taytay College Library | Filipiniana Section | 04/27/2023 | Purchased | 1 | L11 .Al12 2019 | URSTAY-5089 | 06/02/2025 | 4 | Filipiniana | 01/18/2023 |